Khảo sát kháng thể kháng virus dại trên chó tại Thành phố Cần Thơ : Luận văn tốt nghiệp Cao học. Chuyên ngành Thú y
Đánh giá tỉ lệ tiêm phòng bệnh dại trên người và chó tại Thành phố Cần Thơ, xác định tỷ lệ chó có kháng thể kháng virus dại ở một số lò mổ tại thành phố Cần Thơ.
Đã lưu trong:
| Príomhúdar: | |
|---|---|
| Formáid: | Leabhar |
| Teanga: | Undetermined |
| Foilsithe: |
Cần Thơ
Trường Đại học Cần Thơ
2016
|
| Ábhair: | |
| Clibeanna: |
Cuir Clib Leis
Gan Chlibeanna, Bí ar an gcéad duine leis an taifead seo a chlibeáil!
|
| Thư viện lưu trữ: | Trung tâm Học liệu Trường Đại học Cần Thơ |
|---|
| LEADER | 01094nam a2200229Ia 4500 | ||
|---|---|---|---|
| 001 | CTU_217105 | ||
| 008 | 210402s9999 xx 000 0 und d | ||
| 082 | |a 636.7089 | ||
| 082 | |b H103 | ||
| 088 | |a 60640101 | ||
| 100 | |a Nguyễn, Minh Hải | ||
| 245 | 0 | |a Khảo sát kháng thể kháng virus dại trên chó tại Thành phố Cần Thơ : | |
| 245 | 0 | |b Luận văn tốt nghiệp Cao học. Chuyên ngành Thú y | |
| 245 | 0 | |c Nguyễn Minh Hải ; Trần Ngọc Bích, Trương Phúc Vinh (Người hướng dẫn) | |
| 260 | |a Cần Thơ | ||
| 260 | |b Trường Đại học Cần Thơ | ||
| 260 | |c 2016 | ||
| 520 | |a Đánh giá tỉ lệ tiêm phòng bệnh dại trên người và chó tại Thành phố Cần Thơ, xác định tỷ lệ chó có kháng thể kháng virus dại ở một số lò mổ tại thành phố Cần Thơ. | ||
| 650 | |a Dogs,Chó | ||
| 650 | |x Diseases,Bệnh | ||
| 904 | |i Nhi,Hải | ||
| 980 | |a Trung tâm Học liệu Trường Đại học Cần Thơ | ||